Restorative techniques in Pediatric Dentistry (Record no. 26879)
[ view plain ]
| 000 -LEADER | |
|---|---|
| fixed length control field | 00360nam a22001577a 4500 |
| 003 - CONTROL NUMBER IDENTIFIER | |
| control field | SGT |
| 020 ## - INTERNATIONAL STANDARD BOOK NUMBER | |
| International Standard Book Number | 9781032132303 |
| 082 ## - DEWEY DECIMAL CLASSIFICATION NUMBER | |
| Classification number | 617.645 |
| Item number | R24D |
| 100 ## - MAIN ENTRY--PERSONAL NAME | |
| Personal name | Duggal, M. S. |
| 245 ## - TITLE STATEMENT | |
| Title | Restorative techniques in Pediatric Dentistry |
| 250 ## - EDITION STATEMENT | |
| Edition statement | 3rd |
| 260 ## - PUBLICATION, DISTRIBUTION, ETC. (IMPRINT) | |
| Name of publisher, distributor, etc | C.R.C. Press |
| Year of Publication | 2024 |
| 300 ## - PAGE DESCRIPTION | |
| No. of Pages | 155 |
| 650 ## - SUBJECT ADDED ENTRY--TOPICAL TERM | |
| Topical term or geographic name as entry element | Paediatric Dentistry |
| 942 ## - ADDED ENTRY ELEMENTS (KOHA) | |
| Source of classification or shelving scheme | Dewey Decimal Classification |
| Koha item type | Books |
| Withdrawn status | Lost status | Source of classification or shelving scheme | Damaged status | Use restrictions | Not for loan | Home library | Current library | Shelving location | Date acquired | Vendor Name | Cost, normal purchase price | SGTU | Bill Number | Total Checkouts | Full call number | Accession No. (Barcode) | Date last seen | Bill Date | Koha item type |
|---|---|---|---|---|---|---|---|---|---|---|---|---|---|---|---|---|---|---|---|
| Dewey Decimal Classification | Restricted Access | Not For Loan | SGT Dental Library | SGT Dental Library | Reference Book | 06/09/2024 | Ahuja Book Co. Pvt. Ltd. | 16470.00 | SGTU | 19385 | 617.645 R24D | FD9521 | 06/09/2024 | Books | |||||
| Dewey Decimal Classification | Restricted Access | Not For Loan | SGT Dental Library | SGT Dental Library | Reference Book | 06/09/2024 | Ahuja Book Co. Pvt. Ltd. | 16470.00 | SGTU | 19385 | 617.645 R24D | FD9522 | 06/09/2024 | Books |